00453 2200169 4500001002100000008004100021035002000062245005400082100001900136260004300155300001100198020002200209084001400231082000800245650001200253990001800265INLIS000000000000700 ing  a0010-0724000700 aThe Chocolate Cake Balls ParanoiacDidik Djunaedi aDidik Djunaedi aJakartabPT. Gading inti pratamac2012 a54 hlm a978-602-8608-40-4 a398 DID t a398 aFolklor aP29/CP/24/700